| 000 | 00775nam a2200289Ia 4500 | ||
|---|---|---|---|
| 008 | 160803s9999 xx 000 0 und d | ||
| 020 | _a978-0786813568 | ||
| 100 | _aDorris, Michael | ||
| 245 | _aGuests / | ||
| 245 | _cMichael Dorris. | ||
| 260 | _aNew York : | ||
| 260 | _bScholastic Inc. | ||
| 260 | _c1994 | ||
| 300 | _a119 pages ; | ||
| 300 | _c20 cm. | ||
| 500 | _a"An ALA notable children's book"--Cover. | ||
| 650 | _aAlgonquian Indians -- | ||
| 650 | _aAlgonquian Indians -- | ||
| 650 | _aAlgonquian Indians. | ||
| 650 | _aAmerica -- Discovery and exploration -- English -- | ||
| 650 | _aIndians of North America -- | ||
| 650 | _xFiction. | ||
| 650 | _xFiction. | ||
| 650 | _xFiction. | ||
| 650 | _xJuvenile fiction. | ||
| 700 | _a850 | ||
| 999 |
_c298078 _d298078 |
||